Los Casos de Costa Rica y Honduras
Spremljeno u:
| Glavni autor: | |
|---|---|
| Format: | Tekst |
| Izdano: |
San José:
CSUCA
|
| Oznake: |
Dodaj oznaku
Bez oznaka, Budi prvi tko označuje ovaj zapis!
|
MARC
| LEADER | 00000 a a2200000 04500 | ||
|---|---|---|---|
| 001 | 21375 | ||
| 003 | |||
| 040 | |||
| 090 | |a 093900 | ||
| 100 | |a Argüello Rodríguez, Manuel | ||
| 245 | |a Los Casos de Costa Rica y Honduras | ||
| 260 | |a San José: |b CSUCA | ||
| 300 | |a 45 p | ||
| 999 | |c 15088 |d 15088 | ||
